000 00514nmm a2200157Ia 4500
008 251105s9999||||xx |||||||||||||||||und||
020 _a9789875912304
041 _aspa
100 _aZambrano Leal, Armando (comp.)
245 0 _aAproximaciones de la pedagogía de Philippe Meirieu : derivaciones hacia la práctica
264 _a[Buenos Aires, Argentina] :
_bEditorial Brujas,
_c2015
300 _a164 páginas
650 _aEducation
856 _uhttps://public.digitaliapublishing.com/a/41823
942 _cCF
999 _c97462
_d97462